[Event "Florianopolis op 6th"]
[Site "Florianopolis"]
[Date "2020.01.25"]
[Round "9"]
[White "Gomes, Carlos Henrique Cal"]
[Black "Cerrato, Alex"]
[Result "0-1"]
[WhiteElo "1757"]
[BlackElo "1911"]
[PlyCount "110"]
[EventDate "2020.01.20"]
[EventType "swiss"]
[EventRounds "10"]
[EventCountry "BRA"]
[SourceTitle "CBM 194 Extra"]
[Source "ChessBase"]
[SourceDate "2020.03.31"]
[SourceVersion "1"]
[SourceVersionDate "2020.03.31"]
[SourceQuality "1"]

1. d4 d5 2. c4 e5 3. dxe5 d4 4. Nf3 Nc6 5. a3 Bg4 6. Nbd2 Qe7 7. h3 Bh5 8. g4 Bg6 9. Nb3 0-0-0 10. Bg5 f6 11. exf6 gxf6 12. Bf4 h5 13. Bg2 hxg4 14. hxg4 Rxh1+ 15. Bxh1 Qe6 16. g5 Qg4 17. Bg3 fxg5 18. Qd2 Be7 19. Kf1 d3 20. Kg1 dxe2 21. Qxe2 Bd3 22. Qe3 Bxc4 23. Nbd2 Bd5 24. Rc1 Bd6 25. Nh2 Qf5 26. Bxd5 Qxd5 27. Bxd6 Rxd6 28. Ndf3 Nf6 29. Qxg5 Ne4 30. Qxd5 Rxd5 31. Kf1 Nd2+ 32. Ke2 Nb3 33. Rc3 Nc5 34. Ng4 Na4 35. Rc2 Rf5 36. Ne3 Rxf3 37. Kxf3 Nd4+ 38. Ke4 Nxc2 39. Nxc2 Nxb2 40. f4 Nc4 41. Kd5 Nd6 42. Ke6 b6 43. Ke7 Kb7 44. Kd7 Nf5 45. Ke6 Ng3 46. f5 c5 47. Ke5 Nh5 48. Kd6 Ng7 49. Ke5 Ne8 50. Kd5 Kc7 51. Ke6 Kc6 52. Ke7 Nd6 53. f6 b5 54. Ne3 c4 55. Ke6 Ne4 0-1

[Event "Florianopolis op 6th"]
[Site "Florianopolis"]
[Date "2020.01.23"]
[Round "6"]
[White "Souza, Rafael Cabral de"]
[Black "Gomes, Carlos Henrique Cal"]
[Result "1-0"]
[WhiteElo "2104"]
[BlackElo "1757"]
[PlyCount "31"]
[EventDate "2020.01.20"]
[EventType "swiss"]
[EventRounds "10"]
[EventCountry "BRA"]
[SourceTitle "CBM 194 Extra"]
[Source "ChessBase"]
[SourceDate "2020.03.31"]
[SourceVersion "1"]
[SourceVersionDate "2020.03.31"]
[SourceQuality "1"]

1. e4 c6 2. Nc3 d5 3. Nf3 dxe4 4. Nxe4 Bf5 5. Ng3 Bg6 6. h4 h6 7. Ne5 Qd6 8. Nxg6 Qxg6 9. d4 e6 10. c3 Bd6 11. Bd3 Qf6 12. Nh5 Qe7 13. Nxg7+ Kf8 14. Nh5 Nd7 15. Qg4 Ngf6 16. Qg7+ 1-0

[Event "Sudeste/Centro-Oeste-ch U1800"]
[Site "Barbacena"]
[Date "2019.10.27"]
[Round "5"]
[White "Gomes, Carlos Henrique Cal"]
[Black "De Carvalho Machado, Fernando"]
[Result "1-0"]
[WhiteElo "1772"]
[BlackElo "1775"]
[PlyCount "72"]
[EventDate "2019.10.25"]
[EventType "swiss"]
[EventRounds "6"]
[EventCountry "BRA"]
[SourceTitle "CBM 193 Extra"]
[Source "ChessBase"]
[SourceDate "2020.01.31"]
[SourceVersion "1"]
[SourceVersionDate "2020.01.31"]
[SourceQuality "1"]

1. d4 Nf6 2. c4 e6 3. Nc3 Bb4 4. Qc2 c5 5. dxc5 Bxc5 6. Nf3 0-0 7. Bg5 Be7 8. e3 Nc6 9. a3 d5 10. Rd1 Qa5 11. Bd3 dxc4 12. Bxc4 e5 13. 0-0 Bg4 14. Bxf6 Bxf6 15. Qe4 Bh5 16. Nd5 Qd8 17. Qf5 Bg6 18. Nxf6+ Qxf6 19. Qxf6 gxf6 20. Bd5 Rac8 21. Rc1 Rc7 22. Bxc6 bxc6 23. Rfd1 Bh5 24. Rd6 Bxf3 25. gxf3 Rfc8 26. Rxf6 Kg7 27. Rd6 c5 28. Rc4 f6 29. f4 Kf7 30. fxe5 fxe5 31. Rh6 Kg7 32. Re6 Rb7 33. Rxe5 Kf6 34. Rexc5 Rxc5 35. Rxc5 Rxb2 36. Rc7 h5 1-0

[Event "Sudeste/Centro-Oeste-ch U1800"]
[Site "Barbacena"]
[Date "2019.10.26"]
[Round "2"]
[White "Faris, Rafael de Araujo"]
[Black "Gomes, Carlos Henrique Cal"]
[Result "1/2-1/2"]
[WhiteElo "1699"]
[BlackElo "1772"]
[PlyCount "111"]
[EventDate "2019.10.25"]
[EventType "swiss"]
[EventRounds "6"]
[EventCountry "BRA"]
[SourceTitle "CBM 193 Extra"]
[Source "ChessBase"]
[SourceDate "2020.01.31"]
[SourceVersion "1"]
[SourceVersionDate "2020.01.31"]
[SourceQuality "1"]

1. e4 c5 2. Nf3 d6 3. c4 Nc6 4. d4 cxd4 5. Nxd4 g6 6. Nc3 Bg7 7. Be3 Nf6 8. Be2 Bd7 9. 0-0 0-0 10. h3 Nxd4 11. Bxd4 Bc6 12. Re1 e5 13. Be3 Nxe4 14. Nd5 f5 15. Nb4 f4 16. Bc1 Qb6 17. Nd3 Kh8 18. Rb1 Ng5 19. h4 f3 20. Bxg5 fxe2 21. Qxe2 Qd4 22. Nb4 Bd7 23. Rbd1 Bg4 24. Rxd4 Bxe2 25. Rxd6 Bxc4 26. b3 Bg8 27. Nd3 Rae8 28. Nc5 b6 29. Ne4 Re6 30. Rd7 Rf7 31. Red1 h6 32. Be3 Rfe7 33. g4 Bf7 34. Rd8+ Kh7 35. g5 h5 36. R1d7 Rxd7 37. Rxd7 Be8 38. Rxa7 Bc6 39. f3 Bxe4 40. fxe4 Rc6 41. Ra6 Rc3 42. Bxb6 Rg3+ 43. Kf2 Rg4 44. Ra7 Rxe4 45. Bd8 Kg8 46. Kg3 Rg4+ 47. Kh3 Rf4 48. Bc7 Rf3+ 49. Kg2 e4 50. Bg3 Rd3 51. Re7 Rd2+ 52. Kf1 Rxa2 53. Rxe4 Rb2 54. b4 Bf8 55. Be1 Bd6 56. Re6 1/2-1/2

[Event "Florianopolis op 5th"]
[Site "Florianopolis"]
[Date "2019.01.26"]
[Round "9"]
[White "Nunes, Guilherme Sacardo T"]
[Black "Gomes, Carlos Henrique Cal"]
[Result "1-0"]
[WhiteElo "1572"]
[BlackElo "1783"]
[PlyCount "43"]
[EventDate "2019.01.21"]
[EventType "swiss"]
[EventRounds "10"]
[EventCountry "BRA"]
[SourceTitle "CBM 188 Extra"]
[Source "ChessBase"]
[SourceDate "2019.02.26"]
[SourceVersion "1"]
[SourceVersionDate "2019.02.26"]
[SourceQuality "1"]

1. e4 c6 2. Nf3 d5 3. exd5 cxd5 4. Ne5 Nf6 5. d4 Nc6 6. c3 a6 7. Bd3 g6 8. 0-0 Bg7 9. f4 Bf5 10. h3 h5 11. Qe2 Ne4 12. Bxe4 Bxe4 13. Nd2 Nxe5 14. fxe5 Bf5 15. Nf3 Qd7 16. Qf2 0-0-0 17. Bf4 f6 18. exf6 exf6 19. Bh2 Bf8 20. Nh4 Bd3 21. Qg3 Bd6 22. Qxd3 1-0

[Event "Florianopolis zt 2.4"]
[Site "Florianopolis"]
[Date "2017.04.30"]
[Round "8"]
[White "Gomes, Carlos Henrique Cal"]
[Black "Abdalla, Umar Mohammad"]
[Result "1-0"]
[WhiteElo "1792"]
[BlackElo "1357"]
[PlyCount "86"]
[EventDate "2017.04.26"]
[EventType "swiss"]
[EventRounds "9"]
[EventCountry "BRA"]
[SourceTitle "CBM 178 Extra"]
[Source "ChessBase"]
[SourceDate "2017.06.22"]
[SourceVersion "1"]
[SourceVersionDate "2017.06.22"]
[SourceQuality "1"]

1. d4 d5 2. c4 e6 3. Nc3 c6 4. Nf3 Nf6 5. cxd5 exd5 6. Bg5 Be7 7. e3 0-0 8. Bd3 h6 9. Bh4 Nbd7 10. Qc2 Re8 11. 0-0 Nf8 12. h3 N6d7 13. Bg3 Nf6 14. Ne5 Bd6 15. Rae1 N8d7 16. f4 Nf8 17. Bf2 Be7 18. Kh2 N6d7 19. Rg1 Nxe5 20. dxe5 c5 21. b3 a6 22. Rd1 b5 23. Nxd5 Bd7 24. Nxe7+ Qxe7 25. g4 Ne6 26. Qe2 f6 27. f5 Nf8 28. e6 Bc6 29. e4 Nh7 30. h4 Rec8 31. Bg3 Be8 32. e5 Nf8 33. Be4 Bc6 34. Bxc6 Rxc6 35. Qe4 Rac8 36. exf6 gxf6 37. Qf4 Kh7 38. Rd6 Rxd6 39. Qxd6 Qxd6 40. Bxd6 c4 41. bxc4 bxc4 42. g5 Kg7 43. Re1 Nh7 1-0

[Event "Florianopolis zt 2.4"]
[Site "Florianopolis"]
[Date "2017.04.29"]
[Round "5"]
[White "Gomes, Carlos Henrique Cal"]
[Black "Do Prado, Hamilton Mesquita"]
[Result "1/2-1/2"]
[WhiteElo "1792"]
[BlackElo "1744"]
[PlyCount "98"]
[EventDate "2017.04.26"]
[EventType "swiss"]
[EventRounds "9"]
[EventCountry "BRA"]
[SourceTitle "CBM 178 Extra"]
[Source "ChessBase"]
[SourceDate "2017.06.22"]
[SourceVersion "1"]
[SourceVersionDate "2017.06.22"]
[SourceQuality "1"]

1. d4 d5 2. c4 e5 3. dxe5 d4 4. Nf3 Nc6 5. a3 a5 6. Bf4 Bg4 7. Nbd2 Nge7 8. h3 Bxf3 9. Nxf3 Ng6 10. Bg3 Bc5 11. Qb3 Rb8 12. Rd1 Qe7 13. h4 0-0 14. h5 Ngxe5 15. Bxe5 Nxe5 16. Nxd4 Qf6 17. e3 Rfe8 18. Be2 Bxd4 19. Rxd4 Re6 20. Qd1 Rb6 21. b3 Nc6 22. c5 Nxd4 23. cxb6 Nxe2 24. Kxe2 Qxb6 25. Rh4 h6 26. Qd3 c5 27. Rf4 Qe6 28. Rf5 Qe7 29. Rd5 b5 30. Qc2 Rc8 31. Qf5 Rc7 32. Qd3 Rc8 33. Qxb5 Qc7 34. Qd3 Qb6 35. Rd7 Rb8 36. Qd5 Rf8 37. Rb7 Qa6+ 38. Ke1 Qf6 39. Qxc5 Qa1+ 40. Ke2 Qb2+ 41. Kf3 a4 42. Qc4 axb3 43. Qxb3 Qf6+ 44. Ke2 Qf5 45. g3 Qxh5+ 46. Ke1 Rd8 47. Rb8 Qh1+ 48. Ke2 Qh5+ 49. Ke1 Qh1+ 1/2-1/2

[Event "Florianopolis zt 2.4"]
[Site "Florianopolis"]
[Date "2017.04.28"]
[Round "4"]
[White "De Vilhena, Cleriston Mubarak T"]
[Black "Gomes, Carlos Henrique Cal"]
[Result "1/2-1/2"]
[WhiteElo "1601"]
[BlackElo "1792"]
[PlyCount "74"]
[EventDate "2017.04.26"]
[EventType "swiss"]
[EventRounds "9"]
[EventCountry "BRA"]
[SourceTitle "CBM 178 Extra"]
[Source "ChessBase"]
[SourceDate "2017.06.22"]
[SourceVersion "1"]
[SourceVersionDate "2017.06.22"]
[SourceQuality "1"]

1. d4 Nf6 2. Nf3 e6 3. c4 d5 4. Nc3 c5 5. Bg5 cxd4 6. Qxd4 Nc6 7. Qd1 d4 8. Bxf6 gxf6 9. Nb1 e5 10. e3 Bb4+ 11. Nbd2 dxe3 12. fxe3 e4 13. Ng1 f5 14. a3 Bc5 15. Qe2 Qg5 16. 0-0-0 Qxe3 17. Qxe3 Bxe3 18. Kb1 Nd4 19. Ne2 Nxe2 20. Bxe2 Be6 21. Nf1 Bh6 22. Ng3 Ke7 23. Rhf1 Rhg8 24. Nxf5+ Bxf5 25. Rxf5 Rxg2 26. Re5+ Kf8 27. Rxe4 Re8 28. Rxe8+ Kxe8 29. Bf3 Rxh2 30. Bxb7 Bg7 31. b4 Rb2+ 32. Kc1 Rb3 33. c5 Rxa3 34. Bc6+ Ke7 35. Rd7+ Ke6 36. Rd6+ Ke7 37. Rd7+ Ke6 1/2-1/2

[Event "Florianopolis op 3rd"]
[Site "Florianopolis"]
[Date "2017.01.26"]
[Round "10"]
[White "Marques Junior, Marcos Antonio"]
[Black "Gomes, Carlos Henrique Cal"]
[Result "1/2-1/2"]
[WhiteElo "1690"]
[BlackElo "1832"]
[PlyCount "62"]
[EventDate "2017.01.20"]
[EventType "swiss"]
[EventRounds "10"]
[EventCountry "BRA"]
[SourceTitle "CBM 176 Extra"]
[Source "ChessBase"]
[SourceDate "2017.03.02"]
[SourceVersion "1"]
[SourceVersionDate "2017.03.02"]
[SourceQuality "1"]

1. e4 e5 2. Nf3 Nf6 3. Nxe5 d6 4. Nc4 Nxe4 5. d4 d5 6. Ne3 Be7 7. g3 0-0 8. Bg2 Be6 9. 0-0 c6 10. Nd2 Nxd2 11. Bxd2 Nd7 12. c3 Nf6 13. Qb3 Qd7 14. Rad1 Ne4 15. Bc1 Rab8 16. Rfe1 Rfe8 17. Qc2 Nf6 18. a3 Ng4 19. Nxg4 Bxg4 20. f3 Bf5 21. Qf2 b6 22. Bf4 Rbc8 23. Kh1 Bd6 24. Bxd6 Qxd6 25. Rxe8+ Rxe8 26. Re1 Re6 27. Bf1 b5 28. Rxe6 Qxe6 29. Qe2 Qxe2 30. Bxe2 Bc2 31. Kg1 Kf8 1/2-1/2

[Event "Brasilia Terraviva op"]
[Site "Brasilia"]
[Date "2017.01.06"]
[Round "2"]
[White "Lobo, Pedro Aluizio de Ab"]
[Black "Gomes, Carlos Henrique Cal"]
[Result "0-1"]
[WhiteElo "1612"]
[BlackElo "1817"]
[PlyCount "63"]
[EventDate "2017.01.06"]
[EventType "swiss"]
[EventRounds "6"]
[EventCountry "BRA"]
[SourceTitle "CBM 176 Extra"]
[Source "ChessBase"]
[SourceDate "2017.03.02"]
[SourceVersion "1"]
[SourceVersionDate "2017.03.02"]
[SourceQuality "1"]

1. e4 c5 2. Nf3 a6 3. d4 cxd4 4. Nxd4 d6 5. Nc3 e6 6. Be2 Nf6 7. Bg5 Be7 8. Qd2 b5 9. a3 Bb7 10. Bf3 Qc7 11. 0-0 0-0 12. Rad1 Rd8 13. Rfe1 Nbd7 14. Rc1 Ne5 15. Bd1 Nc4 16. Qe2 Nxb2 17. Nb1 Nxe4 18. Bxe7 Qxe7 19. c3 Nxd1 20. Rcxd1 Rac8 21. Rd3 d5 22. Rh3 g6 23. Qe3 Qf6 24. Qh6 Qg7 25. Qe3 Rc4 26. Ne2 Rdc8 27. Rc1 R8c7 28. f3 Nd6 29. Nd4 e5 30. Ne2 d4 31. Nxd4 Nf5 32. Qd2 0-1

[Event "BRA-ch Amateur U2000"]
[Site "Sao Paulo"]
[Date "2016.05.26"]
[Round "1"]
[White "Gomes, Carlos Henrique Cal"]
[Black "Hirota da Silva, Nilton Jose"]
[Result "0-1"]
[WhiteElo "1835"]
[BlackElo "1946"]
[PlyCount "104"]
[EventDate "2016.05.26"]
[EventType "swiss"]
[EventRounds "7"]
[EventCountry "BRA"]
[SourceTitle "EXT 2019"]
[Source "ChessBase"]
[SourceDate "2018.10.10"]
[SourceVersion "1"]
[SourceVersionDate "2018.10.10"]
[SourceQuality "1"]

1. d4 c6 2. c4 d6 3. Nf3 Nd7 4. e4 e5 5. d5 cxd5 6. cxd5 Ngf6 7. Nc3 Be7 8. Be3 0-0 9. Be2 Re8 10. h3 Nf8 11. 0-0 Ng6 12. Qd2 Bd7 13. Ne1 a6 14. a4 Rf8 15. a5 Qe8 16. Nc2 Kh8 17. Na3 Bd8 18. Nc4 Qe7 19. Bd3 Nh5 20. Ne2 Rc8 21. Qb4 Bb5 22. Rac1 Bxc4 23. Bxc4 Nhf4 24. Ng3 Nh4 25. Nf5 Nxf5 26. exf5 Qg5 27. Bxf4 Qxf4 28. b3 Qxf5 29. Qxb7 Bxa5 30. Qxa6 Bb4 31. Ra1 Bc5 32. Qa5 g5 33. Be2 Qc2 34. Bc4 Ra8 35. Qe1 Rxa1 36. Qxa1 Bd4 37. Qa6 Bc5 38. Qb7 Qg6 39. Ra1 h5 40. b4 Bd4 41. Qe7 Kg7 42. Ra6 Qf5 43. Ra2 g4 44. Qh4 Rc8 45. hxg4 hxg4 46. Be2 Rc1+ 47. Kh2 Bxf2 48. Qxg4+ Qxg4 49. Bxg4 Bg1+ 50. Kg3 Kg6 51. b5 f5 52. Be2 Rc3+ 0-1

[Event "Pocos de Caldas op"]
[Site "Pocos de Caldas"]
[Date "2016.02.26"]
[Round "2"]
[White "Gomes, Carlos Henrique Cal"]
[Black "Alboredo, Julia"]
[Result "0-1"]
[WhiteElo "1845"]
[BlackElo "2058"]
[PlyCount "56"]
[EventDate "2016.02.26"]
[EventType "swiss"]
[EventRounds "6"]
[EventCountry "BRA"]
[SourceTitle "EXT 2017"]
[Source "ChessBase"]
[SourceDate "2016.10.25"]
[SourceVersion "1"]
[SourceVersionDate "2016.10.25"]
[SourceQuality "1"]

1. d4 Nf6 2. c4 g6 3. Nc3 Bg7 4. e4 d6 5. Be2 0-0 6. h3 e5 7. d5 a5 8. Nf3 Nh5 9. Nh2 Nf4 10. Bf3 f5 11. Be3 Na6 12. a3 Bd7 13. Nf1 g5 14. g4 fxg4 15. hxg4 Qf6 16. Ng3 Nd3+ 17. Qxd3 Qxf3 18. Qe2 Bxg4 19. Qxf3 Bxf3 20. Rh2 h6 21. Nf5 Rf6 22. b4 Nb8 23. b5 b6 24. Kd2 Kf8 25. Rg1 Nd7 26. Rg3 Rxf5 27. exf5 e4 28. Rxf3 exf3 0-1

[Event "Florianopolis op 2nd"]
[Site "Florianopolis"]
[Date "2016.01.19"]
[Round "5"]
[White "Gomes, Carlos Henrique Cal"]
[Black "Mignoni, Yussana Caue"]
[Result "1-0"]
[WhiteElo "1862"]
[BlackElo "1677"]
[PlyCount "69"]
[EventDate "2016.01.16"]
[EventType "swiss"]
[EventRounds "10"]
[EventCountry "BRA"]
[SourceTitle "CBM 170 Extra"]
[Source "ChessBase"]
[SourceDate "2016.02.25"]
[SourceVersion "1"]
[SourceVersionDate "2016.02.25"]
[SourceQuality "1"]

1. d4 Nf6 2. c4 g6 3. Nc3 d5 4. cxd5 Nxd5 5. e4 Nxc3 6. bxc3 Bg7 7. Nf3 c5 8. Rb1 Nc6 9. d5 Bxc3+ 10. Bd2 Bxd2+ 11. Qxd2 Nb8 12. Qc3 0-0 13. Qxc5 Nd7 14. Qc3 Nf6 15. Bd3 b6 16. 0-0 e6 17. d6 Qxd6 18. e5 Nd5 19. Qxc8 Raxc8 20. exd6 Rfd8 21. Rfc1 Rxc1+ 22. Rxc1 Rxd6 23. Bb5 Nf4 24. g3 Rd5 25. Bc4 Rc5 26. gxf4 b5 27. Nd2 bxc4 28. Rxc4 Rd5 29. Nb3 Kg7 30. Rc7 a5 31. Ra7 Rf5 32. Nd4 Rd5 33. Nxe6+ Kf6 34. Ng5 Kf5 35. Rxf7+ 1-0

[Event "Belo Horizonte Mineiro-ch"]
[Site "Belo Horizonte"]
[Date "2015.11.22"]
[Round "5"]
[White "Da Circuncisao, Samuel Jacob"]
[Black "Gomes, Carlos Henrique Cal"]
[Result "0-1"]
[WhiteElo "1798"]
[BlackElo "1879"]
[PlyCount "76"]
[EventDate "2015.11.20"]
[EventType "swiss"]
[EventRounds "6"]
[EventCountry "BRA"]
[SourceTitle "CBM 169 Extra"]
[Source "ChessBase"]
[SourceDate "2015.12.18"]
[SourceVersion "1"]
[SourceVersionDate "2015.12.18"]
[SourceQuality "1"]

1. d4 Nf6 2. c4 g6 3. Nc3 Bg7 4. Nf3 d6 5. g3 0-0 6. Bg2 Nc6 7. 0-0 e5 8. e3 Bg4 9. Ne2 Qc8 10. Re1 e4 11. Nd2 Re8 12. a3 Qf5 13. Qc2 Bxe2 14. Rxe2 d5 15. b4 Ne7 16. Bb2 c6 17. Nf1 h5 18. h4 dxc4 19. Qxc4 Qd5 20. Qxd5 Nexd5 21. Bh3 a5 22. bxa5 Rxa5 23. Rc2 Ng4 24. Bxg4 hxg4 25. Nd2 Bf8 26. Nc4 Ra4 27. Nd2 f5 28. Nb1 Rea8 29. Nc3 Rc4 30. Rcc1 Nxc3 31. Rxc3 Rxc3 32. Bxc3 Rxa3 33. Rxa3 Bxa3 34. Kf1 Kf7 35. Ke2 Ke6 36. Kd2 Kd5 37. Kd1 Kc4 38. Kc2 Bb4 0-1

[Event "Mineiro-ch"]
[Site "Belo Horizonte"]
[Date "2015.09.06"]
[Round "5"]
[White "De Oliva e Silva, Ramses"]
[Black "Gomes, Carlos Henrique Cal"]
[Result "0-1"]
[WhiteElo "1384"]
[BlackElo "1887"]
[PlyCount "33"]
[EventDate "2015.09.04"]
[EventType "swiss"]
[EventRounds "5"]
[EventCountry "BRA"]
[SourceTitle "EXT 2016"]
[Source "ChessBase"]
[SourceDate "2015.10.08"]
[SourceVersion "1"]
[SourceVersionDate "2015.10.08"]
[SourceQuality "1"]

1. d4 Nf6 2. Nf3 d5 3. Bf4 Bf5 4. e3 e6 5. c3 Bd6 6. Nbd2 Bxf4 7. exf4 0-0 8. Qb3 Qc8 9. Ne5 Nbd7 10. Be2 c5 11. Nxd7 Nxd7 12. Nf3 Qc7 13. Ne5 c4 14. Qd1 Nb6 15. 0-0 f6 16. g4 fxe5 17. fxe5 0-1

[Event "Mineiro-ch"]
[Site "Belo Horizonte"]
[Date "2015.09.05"]
[Round "2"]
[White "Gomes, Carlos Henrique Cal"]
[Black "Duarte, Renato Cassio del G"]
[Result "0-1"]
[WhiteElo "1887"]
[BlackElo "2076"]
[PlyCount "62"]
[EventDate "2015.09.04"]
[EventType "swiss"]
[EventRounds "5"]
[EventCountry "BRA"]
[SourceTitle "EXT 2016"]
[Source "ChessBase"]
[SourceDate "2015.10.08"]
[SourceVersion "1"]
[SourceVersionDate "2015.10.08"]
[SourceQuality "1"]

1. d4 Nf6 2. c4 e6 3. Nc3 Bb4 4. a3 Bxc3+ 5. bxc3 d5 6. e3 0-0 7. cxd5 exd5 8. Bd3 c5 9. Ne2 c4 10. Bb1 Nc6 11. 0-0 Re8 12. Ng3 h5 13. Nxh5 Ne4 14. Bxe4 Rxe4 15. Nf4 Bf5 16. Ra2 Qd7 17. Qh5 Rd8 18. f3 Ree8 19. g4 Bh7 20. Rb2 Na5 21. Qh4 Nb3 22. Qe1 Qe7 23. Rg2 Nxc1 24. Qxc1 Qxe3+ 25. Qxe3 Rxe3 26. Rb2 Rxc3 27. Rxb7 Rxa3 28. Rb5 c3 29. Rxd5 Rxd5 30. Nxd5 c2 31. Kf2 Rb3 0-1

[Event "American Continental 11th"]
[Site "Montevideo"]
[Date "2015.05.15"]
[Round "1"]
[White "Larrea, Manuel"]
[Black "Gomes, Carlos Henrique Cal"]
[Result "1-0"]
[WhiteElo "2327"]
[BlackElo "1894"]
[PlyCount "115"]
[EventDate "2015.05.15"]
[EventType "swiss"]
[EventRounds "11"]
[EventCountry "URU"]
[SourceTitle "CBM 167"]
[Source "ChessBase"]
[SourceDate "2015.07.13"]
[SourceVersion "1"]
[SourceVersionDate "2015.07.13"]
[SourceQuality "1"]

1. e4 c6 2. d4 d5 3. exd5 cxd5 4. c4 Nf6 5. Nc3 Nc6 6. Bg5 e6 7. Nf3 Be7 8. a3 dxc4 9. Bxc4 0-0 10. 0-0 a6 11. Re1 Nd5 12. Bxd5 Bxg5 13. Bxc6 bxc6 14. Nxg5 Qxg5 15. Ne4 Qd5 16. Nc5 Rd8 17. Qa4 a5 18. Rad1 Ba6 19. Nxa6 Rxa6 20. Re5 Qd6 21. h4 Rb6 22. Rd2 Rdb8 23. Rxa5 Qf4 24. Rc2 Rxb2 25. Rxb2 Qc1+ 26. Kh2 Qxb2 27. Ra8 g6 28. Qxc6 Rxa8 29. Qxa8+ Kg7 30. Qf3 Qxd4 31. g3 e5 32. Kg2 h5 33. Qb3 Qe4+ 34. Qf3 Qd4 35. Qb7 e4 36. Qb3 Kf6 37. a4 e3 38. fxe3 Qe4+ 39. Kf2 Qf5+ 40. Kg2 Qe4+ 41. Kf2 Qf5+ 42. Ke1 Qe5 43. Qb6+ Ke7 44. Qb4+ Ke6 45. Kf2 Qf5+ 46. Kg1 Qf3 47. Qe1 Kd6 48. a5 Kc6 49. Qf2 Qd1+ 50. Kg2 Qb3 51. Qf6+ Kb7 52. Kf3 Qd1+ 53. Kf4 Qg4+ 54. Ke5 Qxg3+ 55. Qf4 Qg1 56. Qb4+ Kc8 57. Qc5+ Kd8 58. Qf8+ 1-0